[Event "DSOL 06 Liga Gr-A 1st"]
[Site "Playchess.com INT"]
[Date "2020.08.14"]
[Round "2.2"]
[White "Ritter, Wolfgang"]
[Black "Mehnert, Jens"]
[Result "1-0"]
[WhiteElo "1509"]
[BlackElo "1111"]
[PlyCount "80"]
[EventDate "2020.06.22"]
[EventType "team-tourn (rapid)"]
[EventCountry "GER"]
[SourceTitle "EXT 2021"]
[Source "ChessBase"]
[SourceDate "2020.10.23"]
[SourceVersion "1"]
[SourceVersionDate "2020.10.23"]
[SourceQuality "1"]
[WhiteTeam "Drewer SG"]
[BlackTeam "Tegernsee II"]
[WhiteTeamCountry "GER"]
[BlackTeamCountry "GER"]

1. e4 e5 2. Nf3 Nc6 3. Bc4 Bc5 4. 0-0 Nf6 5. d3 h6 6. Nc3 d6 7. h3 a5 8. a3 Bd7 9. Be3 Nd4 10. Bxd4 exd4 11. Ne2 b5 12. Ba2 Be6 13. Bxe6 fxe6 14. Nexd4 Qd7 15. Nb3 Bb6 16. e5 Nd5 17. d4 0-0 18. Nbd2 Ne7 19. Ne4 Nf5 20. c3 d5 21. Nc5 Bxc5 22. dxc5 c6 23. Nd4 Rac8 24. Qg4 Nxd4 25. cxd4 Rf5 26. f4 Rcf8 27. g3 Qf7 28. b4 a4 29. Ra2 Kh7 30. Raf2 Qg8 31. Qe2 Qf7 32. Qd3 Kh8 33. g4 Qg6 34. Kh2 R5f6 35. f5 exf5 36. exf6 Rxf6 37. Rxf5 Kh7 38. Qg3 Re6 39. Re5 Qc2+ 40. Rf2 Rf6 1-0